| 000 | 00426nam a22001337a 4500 | ||
|---|---|---|---|
| 008 | 140320b xxu||||| |||| 00| 0 eng d | ||
| 050 | _aSPC DT378.M135 | ||
| 100 |
_a MacDonald J. F. _99242 |
||
| 245 |
_aAbyssinian Adventure _cJ. F. MacDonald |
||
| 260 |
_aLondon _bCassell and Company LTD. _c1957 |
||
| 300 |
_aviii, 213p. ; _c21cm. |
||
| 650 |
_aDescription and travel _zEthiopia _zAfrica, East _99243 |
||
| 942 |
_2lcc _cREFERENCE |
||
| 999 |
_c120247 _d120247 |
||